Caracterización del agregado grueso proveniente del concreto reciclado para ser reutilizado en nuevos concretos
Gardado en:
| Autor Principal: | |
|---|---|
| Outros autores: | |
| Formato: | Libro |
| Idioma: | Spanish |
| Publicado: |
[San José], Costa Rica
2021
|
| Materias: | |
| Acceso en liña: | https://cedi.ucr.ac.cr/civil/caracterizacion-del-agregado-grueso-proveniente-del-concreto-recicladopara-ser-reutilizado-en-nuevos-concretos/ |
| Etiquetas: |
Engadir etiqueta
Sen Etiquetas, Sexa o primeiro en etiquetar este rexistro!
|
MARC
| LEADER | 00000nam a2200000Ia 4500 | ||
|---|---|---|---|
| 003 | 013388 | ||
| 005 | 20230509141107.0 | ||
| 008 | 140116s2021 cr a 000 ||spa d | ||
| 040 | |c cru CEDI | ||
| 100 | |a Ramírez Picado, Daniela , 1996- |9 132 | ||
| 245 | |a Caracterización del agregado grueso proveniente del concreto reciclado para ser reutilizado en nuevos concretos | ||
| 260 | |a [San José], Costa Rica |c 2021 | ||
| 500 | |a Proyecto de graduación (licenciatura en ingeniería civil)--Universidad de Costa Rica. Facultad de Ingeniería. Escuela de Ingeniería Civil. | ||
| 501 | |a Directora de Proyecto de Graduación: Ing. Nidia Cruz Zúñiga, MSc. | ||
| 650 | |x CEMENTO |x AGREGADOS (MATERIALES DE CONSTRUCCION) |x RESISTENCIA DE MATERIALES |x HORMIGON - PRUEBAS | ||
| 700 | |9 99 |a Cruz Zúñiga, Nidia |d Directora del TFG | ||
| 856 | |u https://cedi.ucr.ac.cr/civil/caracterizacion-del-agregado-grueso-proveniente-del-concreto-recicladopara-ser-reutilizado-en-nuevos-concretos/ |y https://cedi.ucr.ac.cr/civil/caracterizacion-del-agregado-grueso-proveniente-del-concreto-recicladopara-ser-reutilizado-en-nuevos-concretos/ | ||
| 942 | |c CEDI |h TFG 8539 |2 ddc |6 TFG_8539_000000000000000 | ||
| 999 | |c 21890 |d 21890 | ||
